Up, Down, Left, or Right? Quiz Stats

 Plays Quiz Updated Sep 20, 2018

Challenge
Share
Tweet
Embed
Score 0/40 Timer 05:00
0 Plays Today
Question Answer Wrong Answers
What's _____, Doc?
Bugs Bunny catchphrase
Up
95.7%
Down
0.1%
Left
0.1%
Right
0.1%
7 _____
Lemon-lime soft drink
Up
95.3%
Down
0.3%
Left
0.1%
Right
0.1%
No Child _____ Behind
George W. Bush educational policy
Left
95.2%
Up
0.3%
Down
0.3%
Right
0.3%
Do the _____ Thing
Spike Lee magnum opus
Right
95.1%
Up
0.2%
Down
0.3%
Left
0.3%
Stand-_____ Comedian
Jerry Seinfeld or Louis CK
Up
95%
Down
0.7%
Left
0.1%
Right
0.1%
All the _____ Moves
1983 Tom Cruise film
Right
94.8%
Up
0.3%
Down
0.4%
Left
0.3%
Elvis Has _____ the Building
Phrase to disperse audiences at Presley concerts
Left
94.7%
Up
0.4%
Down
0.6%
Right
0.3%
Bottoms _____
Toast before drinking
Up
94.7%
Down
1%
Left
0.1%
Right
0.1%
_____, _____ and Away
5th Dimension hit
Up
94.4%
Down
0.7%
Left
0.4%
Right
0.5%
_____ in the Air
George Clooney/Anna Kendrick film
Up
94.3%
Down
0.3%
Left
0.8%
Right
0.5%
_____ Under
Men at Work song
Down
94.3%
Up
0.5%
Left
0.4%
Right
0.8%
_____ Syndrome
Genetic disorder marked by an additional chromosome
Down
94.2%
Up
0.4%
Left
0.6%
Right
0.6%
Hand-me-_____
Item handed on to younger siblings or children
Down
94.2%
Up
1.3%
Left
0.1%
Right
0.4%
The _____ Stuff
Tom Wolfe book or a New Kids on the Block song
Right
94.2%
Up
0.5%
Down
0.7%
Left
0.5%
The Price Is _____
Classic American game show
Right
94.1%
Up
1.1%
Down
0.8%
Left
0.1%
Two _____ Feet
Unable to dance
Left
92.8%
Up
0.3%
Down
0.5%
Right
2.4%
Chow _____
Dig into food
Down
92.8%
Up
2.6%
Left
0.2%
Right
0.3%
Burning _____ the House
Talking Heads hit
Down
92.6%
Up
3%
Left
0.1%
Right
0.3%
_____ Payment
Initial money given to fund an endeavor
Down
92.1%
Up
2%
Left
0.7%
Right
1.1%
Watership _____
Richard Adams' rabbit novel
Down
91.1%
Up
1.7%
Left
1.2%
Right
1.7%
Straight _____
Paula Abdul hit song
Up
89.9%
Down
5.5%
Left
0.2%
Right
0.4%
Get _____, Stand _____
Bob Marley hit
Up
89.7%
Down
5.6%
Left
0.1%
Right
0.6%
Start Me _____
Rolling Stones song
Up
89.5%
Down
1.6%
Left
0.2%
Right
4.5%
_____ Now
Van Halen song
Right
88.7%
Up
4%
Down
2.2%
Left
0.8%
Out of _____ Field
Not expected or prepared for
Left
87.8%
Up
0.8%
Down
1.6%
Right
5.8%
Batten ____ the Hatches
Prepare for a difficult situation
Down
87.2%
Up
7.8%
Left
0.4%
Right
0.5%
_____ 4 Dead
Survival horror video game
Left
86.8%
Up
1.8%
Down
5.5%
Right
1.5%
My _____ Foot
Daniel Day-Lewis biopic about Christy Brown
Left
86.2%
Up
0.3%
Down
0.3%
Right
9.2%
As _____ As Rain
Be fit or well
Right
85.8%
Up
2.1%
Down
7.3%
Left
0.6%
_____ and Out in Beverly Hills
1986 Nick Nolte movie
Down
85.5%
Up
9%
Left
0.6%
Right
0.9%
_____ Behind
Apocalyptic Christian novel series
Left
85.3%
Up
0.7%
Down
1.3%
Right
8.6%
_____ to One's Elbows
Deep in an endeavor
Up
82.4%
Down
9.8%
Left
1.5%
Right
2.2%
_____-to-Work Laws
Statutes that limit the powers of unions
Right
82.2%
Up
2.8%
Down
9.1%
Left
1.7%
_____ Said Fred
'I'm Too Sexy' group
Right
75.4%
Up
6.7%
Down
8%
Left
5.5%
_____ Reverend
A title for high ecclesiastical officials in the act
Right
70.8%
Up
12.3%
Down
6.8%
Left
5.6%
System of a _____
'Chop Suey!' metal band
Down
69.4%
Up
2.1%
Left
7.1%
Right
16.9%
Last House on the _____
1972 and 2009 horror film
Left
62.7%
Up
0.6%
Down
1.2%
Right
31.5%
_____ Shark
Off-beat and meme-centric Katy Perry half-time show partner
Left
53%
Up
12.5%
Down
13%
Right
16.9%
_____ Whale
One of three baleen whale species
Right
50.8%
Up
9%
Down
26.1%
Left
9.6%
The _____ Hand of Darkness
Ursula K. Le Guin novel
Left
45.6%
Up
0.8%
Down
0.9%
Right
48.2%

You're not logged in!

Compare scores with friends on all Sporcle quizzes.
Join for Free
OR
Log In

You Might Also Like...

Show Comments

Extras

Top Quizzes Today


Score Distribution

Your Account Isn't Verified!

In order to create a playlist on Sporcle, you need to verify the email address you used during registration. Go to your Sporcle Settings to finish the process.

Report this User

Report this user for behavior that violates our Community Guidelines.

Details: